000 00305nam a2200133Ia 4500
008 231129s1968||||xx |||||||||||||| ||spa||
040 _bspa
082 _a923.54 S349
100 _aSchmidt Heinz Werner
245 0 _aCon Rommel en el desierto
260 _c1968
264 _aJuventud
942 _2ddc
_cBKS
999 _c7838
_d7838